000 01098nam a2200277Ia 4500
003 OSt
005 20221005104247.0
006 a|||||r|||| 00| 0
007 ta
008 221004b |||||||| |||| 00| 0 per d
020 _a8123014604 (pbk)
_cINR 70.00
024 _a44890
037 _b320, 11/03/2019, Eastern Book Linkers
_cTextual
040 _aCRL
_cCRL
_bper
041 _2per
_aper
082 _aO164,1G07:g, 152P7
100 _aमिश्र, त्रिनाथ, ले.
245 0 _aमौलाना जलालुद्ीन रूमी
246 _aMaulānā jalāludīn rūmī
260 _aदिल्ली
_bप्रकाशन विभाग सूचना और प्रसारण मंत्रालय भारत
_c2007
300 _a126पृ0
_ccm.
650 _a परशियन साहित्य
650 _aपरशियन कविता
942 _hO164,1G07:g, 152P7
_cTEXL
_2cc
999 _c1012184
_d1012184